Seven Devils Lyrics (Florence + the Machine) - Statistics

General Stats
  • This quiz has been taken 117 times
    99 since last reset
  • The average score is 217 of 274
Answer Stats
Answer % Correct
a
100%
devils
100%
seven
100%
around
98%
be
98%
I
98%
the
98%
you
98%
all
96%
is
96%
when
96%
an
94%
and
94%
day
94%
my
94%
your
94%
done
91%
in
91%
morning
91%
this
91%
I'll
89%
before
87%
dead
87%
me
87%
up
87%
woke
87%
can
83%
was
83%
no
79%
what
77%
I'm
74%
out
74%
we
74%
Holy
72%
holy
72%
they
70%
to
70%
water
70%
house
68%
keep
68%
now
68%
were
68%
will
68%
fire
66%
heart
66%
raise
66%
see
66%
there
66%
gonna
64%
rivers
64%
lakes
62%
put
62%
help
60%
it's
60%
don't
57%
smoke
57%
want
57%
burn
55%
down
55%
thousand
55%
cannot
53%
couldn't
53%
stakes
53%
symphony
53%
I've
51%
kingdom
51%
cry
49%
have
49%
love
47%
armies
45%
exorcised
45%
money
45%
find
43%
soul
40%
battle
38%
crown
38%
take
36%
been
34%
has
32%
save
32%
undone
32%
even
30%
walls
26%
evil's
23%
melody
23%
canonised
21%
for
21%
tear
21%
til
21%
had
17%
saints
17%
song
17%
No matching quizzes found
Score Distribution
Percent of People with Each Score
Percentile by Number Answered
Your Score History
You have not taken this quiz since the last reset